000 00527nam a22001697a 4500
005 20251108165307.0
008 250721s1992 xx 000 0 ara d
082 1 4 _a958.104/محم
100 1 _aمورو، محمد
245 1 0 _aإنتصر الأفغان و سقط المنجل و السندان /
264 1 _aالقاهرة :
_bالمختار الإسلامي للنشر و التوزيع،
_c1992.
300 _a79ص
650 1 7 _aأفغانستان
650 1 7 _aالتاريخ
942 _2ddc
_cBK
999 _c24354
_d24354